[Event "Porto Alegre IRT U2200 1st"]
[Site "Porto Alegre"]
[Date "2016.04.10"]
[Round "4.10"]
[White "Fonseca, Luiz Itamir"]
[Black "Munari, Carlos Jose"]
[Result "1-0"]
[WhiteElo "1955"]
[BlackElo "1534"]
[PlyCount "97"]
[EventDate "2016.04.09"]
[EventType "swiss"]
[EventRounds "5"]
[EventCountry "BRA"]
[SourceTitle "EXT 2022"]
[Source "ChessBase"]
[SourceDate "2021.10.06"]
[SourceVersion "1"]
[SourceVersionDate "2021.10.06"]
[SourceQuality "1"]

1. Nf3 c6 2. b3 d5 3. Bb2 Nf6 4. e3 Bf5 5. Be2 e6 6. Nh4 Bg6 7. Nxg6 hxg6 8. d3 Bd6 9. h3 Nbd7 10. Nd2 Be5 11. d4 Bd6 12. c4 Bb4 13. a3 Bxd2+ 14. Qxd2 Ne4 15. Qc2 Qh4 16. Bf3 Ndf6 17. c5 g5 18. Rf1 g4 19. hxg4 Qg5 20. 0-0-0 0-0-0 21. b4 Rd7 22. a4 b6 23. Kb1 bxc5 24. bxc5 Rb7 25. Ka2 Kc7 26. Rb1 Rhb8 27. Bc3 Nxc3+ 28. Qxc3 Ne4 29. Qa5+ Kd7 30. Rxb7+ Rxb7 31. Rb1 Rc7 32. Rb2 Qd8 33. Bd1 Qc8 34. f3 Nf6 35. Be2 Rb7 36. Rb4 Qb8 37. Rxb7+ Qxb7 38. Ka3 Qb1 39. Qxa7+ Ke8 40. Qa6 Qa1+ 41. Kb3 Qb1+ 42. Kc3 Qc1+ 43. Kd3 Ke7 44. Qxc6 Qb1+ 45. Kd2 Qb4+ 46. Kc2 Qa3 47. Qd6+ Ke8 48. Bb5+ Nd7 49. Qxd7+ 1-0

[Event "Porto Alegre Gaucho op"]
[Site "Porto Alegre"]
[Date "2015.11.02"]
[Round "6"]
[White "Fonseca, Luiz Itamir"]
[Black "Silva, Joao Carlos Orguim"]
[Result "1-0"]
[WhiteElo "1940"]
[BlackElo "1821"]
[PlyCount "99"]
[EventDate "2015.10.31"]
[EventType "swiss"]
[EventRounds "6"]
[EventCountry "BRA"]
[SourceTitle "CBM 169 Extra"]
[Source "ChessBase"]
[SourceDate "2015.12.18"]
[SourceVersion "1"]
[SourceVersionDate "2015.12.18"]
[SourceQuality "1"]

1. c4 c6 2. b3 d5 3. e3 Bf5 4. d4 e6 5. Bd2 Nd7 6. Nc3 Ngf6 7. Nf3 a6 8. Nh4 Bg6 9. Nxg6 hxg6 10. c5 Ne4 11. Nxe4 dxe4 12. Bc4 Nf6 13. Qc2 g5 14. b4 g6 15. a4 Bg7 16. Rb1 Qc7 17. g3 Ke7 18. Ke2 g4 19. b5 axb5 20. axb5 Ra3 21. Bb4 Raa8 22. Rb2 Rh7 23. bxc6 bxc6 24. Qb1 Rah8 25. Be1 Qc8 26. Ba5 Rxh2 27. Rxh2 Rxh2 28. Rb8 Nh5 29. Rxc8 Nxg3+ 30. Kd2 Rxf2+ 31. Kc3 Kf6 32. Bd8+ Kf5 33. Rc7 Bxd4+ 34. exd4 Rf3+ 35. Kb4 f6 36. Rxc6 Kf4 37. Rxe6 f5 38. Rxg6 Rf2 39. Qc1+ Kf3 40. Bh4 f4 41. Bxg3 fxg3 42. Qd1+ Ke3 43. Qxg4 Kxd4 44. Rd6+ Ke3 45. Qxg3+ Rf3 46. Qe1+ Kf4 47. Rf6+ Ke5 48. Qxe4+ Kxe4 49. Rxf3 Kxf3 50. Be2+ 1-0

[Event "Porto Alegre Gaucho op"]
[Site "Porto Alegre"]
[Date "2015.11.01"]
[Round "3"]
[White "Backes, Jorge Henrique Marx"]
[Black "Fonseca, Luiz Itamir"]
[Result "1/2-1/2"]
[WhiteElo "1974"]
[BlackElo "1940"]
[PlyCount "57"]
[EventDate "2015.10.31"]
[EventType "swiss"]
[EventRounds "6"]
[EventCountry "BRA"]
[SourceTitle "CBM 169 Extra"]
[Source "ChessBase"]
[SourceDate "2015.12.18"]
[SourceVersion "1"]
[SourceVersionDate "2015.12.18"]
[SourceQuality "1"]

1. c4 f5 2. e4 fxe4 3. d3 Nf6 4. Nc3 e5 5. Bg5 Be7 6. dxe4 0-0 7. Nf3 d6 8. Be2 Nc6 9. h3 Be6 10. 0-0 Qe8 11. Nd5 Rc8 12. Nxe7+ Nxe7 13. Bxf6 Rxf6 14. Ng5 Bd7 15. Bh5 g6 16. Bg4 h6 17. Bxd7 Qxd7 18. Nf3 Qe6 19. Rc1 b6 20. h4 Rcf8 21. Rc3 Kg7 22. Qe2 g5 23. c5 Ng6 24. cxb6 cxb6 25. Rc7+ Kh8 26. Nxg5 Nf4 27. Rh7+ Kg8 28. Rg7+ Kh8 29. Rh7+ 1/2-1/2

[Event "Porto Alegre Oncosinos op"]
[Site "Porto Alegre"]
[Date "2015.09.07"]
[Round "6"]
[White "Fonseca, Luiz Itamir"]
[Black "Fonseca, Luis Ernesto Serra"]
[Result "1-0"]
[WhiteElo "1897"]
[BlackElo "2075"]
[PlyCount "77"]
[EventDate "2015.09.04"]
[EventType "swiss"]
[EventRounds "7"]
[EventCountry "BRA"]
[SourceTitle "EXT 2016"]
[Source "ChessBase"]
[SourceDate "2015.10.08"]
[SourceVersion "1"]
[SourceVersionDate "2015.10.08"]
[SourceQuality "1"]

1. c4 c5 2. Nc3 g6 3. g3 Bg7 4. Bg2 Nc6 5. d3 d6 6. Nf3 e5 7. e4 Nge7 8. 0-0 0-0 9. Nd5 Rb8 10. Bd2 b5 11. b3 Nxd5 12. cxd5 Ne7 13. Rb1 a5 14. Qc1 f5 15. Bg5 f4 16. Nh4 Bf6 17. gxf4 Bxg5 18. fxg5 Rf4 19. Nf3 Bg4 20. Qe3 Kg7 21. Ne1 Ng8 22. Qg3 Be2 23. f3 Bxf1 24. Kxf1 h6 25. h4 h5 26. Bh3 c4 27. d4 Qf8 28. dxe5 dxe5 29. Kg2 Qa3 30. Qf2 Rbf8 31. Qd2 Qc5 32. d6 Rd8 33. d7 Ne7 34. Qxa5 Nc6 35. Qc3 Nd4 36. Nd3 Ne2 37. Nxc5 Nxc3 38. Ne6+ Kg8 39. Nxd8 1-0

[Event "Porto Alegre Oncosinos op"]
[Site "Porto Alegre"]
[Date "2015.09.04"]
[Round "1"]
[White "Uema, Guilherme Palacios"]
[Black "Fonseca, Luiz Itamir"]
[Result "0-1"]
[WhiteElo "1800"]
[BlackElo "1897"]
[PlyCount "86"]
[EventDate "2015.09.04"]
[EventType "swiss"]
[EventRounds "7"]
[EventCountry "BRA"]
[SourceTitle "EXT 2016"]
[Source "ChessBase"]
[SourceDate "2015.10.08"]
[SourceVersion "1"]
[SourceVersionDate "2015.10.08"]
[SourceQuality "1"]

1. e4 e6 2. d4 d5 3. Nd2 a6 4. Bd3 c5 5. c3 Nc6 6. Ne2 Nf6 7. e5 Nd7 8. Nf3 Be7 9. 0-0 b5 10. h3 Nb6 11. Nh2 Bd7 12. f4 g6 13. f5 gxf5 14. Nf4 Qc7 15. Qh5 0-0-0 16. a4 Nxa4 17. b3 Nxc3 18. Rxa6 Kb7 19. Ra1 Nxd4 20. Bd2 b4 21. Bxc3 bxc3 22. Qd1 Bb5 23. Bxb5 Nxb5 24. Qe2 Kb6 25. Nd3 Ra8 26. Ra4 Ra7 27. Nf3 Rha8 28. Rfa1 Qc6 29. Nfe1 Rxa4 30. bxa4 Nd4 31. Qa2 Ra5 32. Nc2 Nxc2 33. Qxc2 d4 34. Rb1+ Ka7 35. Qb3 Qc7 36. Kh1 Ra6 37. Qc4 Rb6 38. Rb5 Rxb5 39. axb5 Kb6 40. Nf4 Qd7 41. Qa4 Qxb5 42. Qd1 Qb2 43. Nd3 c2 0-1

[Event "Porto Alegre Oncolinos op"]
[Site "Porto Alegre"]
[Date "2013.11.14"]
[Round "1"]
[White "Fonseca, Luiz Itamir"]
[Black "Pereira, Thiago Henrique"]
[Result "1-0"]
[WhiteElo "1895"]
[BlackElo "1800"]
[PlyCount "79"]
[EventDate "2013.11.14"]
[EventType "swiss"]
[EventRounds "7"]
[EventCountry "BRA"]
[SourceTitle "EXT 2015"]
[Source "ChessBase"]
[SourceDate "2014.11.20"]
[SourceVersion "1"]
[SourceVersionDate "2014.11.20"]
[SourceQuality "1"]

1. c4 g6 2. Nc3 Bg7 3. g3 Nf6 4. Bg2 0-0 5. e4 Nc6 6. f4 d6 7. h3 Nh5 8. Nge2 e6 9. 0-0 Nd4 10. Kh2 f5 11. d3 Nxe2 12. Nxe2 Rb8 13. Bf3 Nf6 14. Be3 b6 15. Qc2 Qe8 16. e5 dxe5 17. fxe5 Nd7 18. d4 Bb7 19. Bxb7 Rxb7 20. b4 c5 21. Qb2 cxb4 22. Qxb4 Qc8 23. Rac1 Rc7 24. Rc2 Rf7 25. Rfc1 Bf8 26. Qb3 Be7 27. Nf4 Nf8 28. d5 g5 29. Nd3 exd5 30. cxd5 Rxc2+ 31. Rxc2 Qb8 32. d6 Bxd6 33. exd6 Qxd6 34. Bxg5 Nd7 35. Bf4 Qe7 36. Qd5 Nf6 37. Qxf5 Ne4 38. Rc8+ Kg7 39. Be5+ Nf6 40. Qg5# 1-0

[Event "Porto Alegre op"]
[Site "Porto Alegre"]
[Date "2013.07.06"]
[Round "1"]
[White "Fonseca, Luiz Itamir"]
[Black "Menna Barreto, Felipe Kubiaki"]
[Result "0-1"]
[WhiteElo "1874"]
[BlackElo "2277"]
[PlyCount "92"]
[EventDate "2013.07.06"]
[EventType "swiss"]
[EventRounds "6"]
[EventCountry "BRA"]
[SourceTitle "EXT 2014"]
[Source "ChessBase"]
[SourceDate "2013.11.20"]
[SourceVersion "1"]
[SourceVersionDate "2013.11.20"]
[SourceQuality "1"]

1. c4 Nf6 2. Nc3 g6 3. g3 Bg7 4. Bg2 0-0 5. e4 c5 6. Nge2 Nc6 7. 0-0 a6 8. d3 Rb8 9. a4 d6 10. h3 Ne8 11. Rb1 Nc7 12. Be3 b5 13. axb5 axb5 14. b3 b4 15. Nd5 Ne6 16. Qd2 Ned4 17. Nxd4 Nxd4 18. Nf4 Nc6 19. Kh2 Bb7 20. Ne2 Ra8 21. f4 Ra3 22. d4 cxd4 23. Nxd4 Qa5 24. Rf2 Ra8 25. Qd3 Nxd4 26. Bxd4 Bxd4 27. Qxd4 Qc5 28. Qxc5 dxc5 29. e5 Bxg2 30. Kxg2 Rd8 31. Rbb2 Rd3 32. Rf3 Rd1 33. Re3 e6 34. Kf3 Raa1 35. Ree2 Kg7 36. Red2 Rg1 37. Rf2 Rac1 38. Rbc2 Rxc2 39. Rxc2 Rb1 40. Kf2 Rxb3 41. h4 h5 42. Rc1 Kf8 43. Ra1 Rc3 44. Ra8+ Kg7 45. Ra5 Rxc4 46. Rb5 Rc3 0-1

[Event "Porto Alegre op"]
[Site "Porto Alegre"]
[Date "2012.09.09"]
[Round "6"]
[White "Fonseca, Luis Ernesto Serra"]
[Black "Fonseca, Luiz Itamir"]
[Result "1-0"]
[WhiteElo "2102"]
[BlackElo "1879"]
[PlyCount "87"]
[EventDate "2012.09.06"]
[EventType "swiss"]
[EventRounds "7"]
[EventCountry "BRA"]
[SourceTitle "CBM 150 Extra"]
[Source "ChessBase"]
[SourceDate "2012.10.19"]
[SourceVersion "1"]
[SourceVersionDate "2012.10.19"]
[SourceQuality "1"]

1. e4 e6 2. d4 d5 3. exd5 exd5 4. Nf3 Bd6 5. Bd3 Nf6 6. Bg5 Bg4 7. Nbd2 0-0 8. 0-0 Nbd7 9. Re1 c6 10. c3 Qc7 11. h3 Bh5 12. Nf1 Rfe8 13. Bxf6 Nxf6 14. Ne3 Ne4 15. Nf5 Bh2+ 16. Kf1 Qf4 17. g4 Bg6 18. Bxe4 dxe4 19. N3h4 Bxf5 20. Nxf5 g6 21. Ne3 Qg5 22. Ke2 Qb5+ 23. Kd2 Qxb2+ 24. Qc2 Qxc2+ 25. Kxc2 Bf4 26. Re2 Kf8 27. Rae1 Bxe3 28. Rxe3 f5 29. Kd2 Kf7 30. gxf5 gxf5 31. Rf1 Rad8 32. f3 Kg6 33. fxe4 Rxe4 34. Rxe4 fxe4 35. Ke3 Re8 36. Rf4 Re7 37. c4 b5 38. cxb5 cxb5 39. d5 a5 40. Rxe4 Rxe4+ 41. Kxe4 Kf7 42. Kd4 b4 43. Kc5 Ke7 44. Kb5 1-0